| 000 | 01488nam a2200265Ia 4500 | ||
|---|---|---|---|
| 003 | OSt | ||
| 005 | 20210723114301.0 | ||
| 008 | 210310s2012 ad ad gr10 spa d spa | ||
| 020 | _a9780821394908 | ||
| 040 |
_aCO-JMCR _cCO-JMCR |
||
| 041 | 0 | _aspa | |
| 082 | 0 | 4 |
_a338.98 / _bT689d _223 |
| 100 | 1 |
_aDe la Torre, Augusto, _eautor _926878 |
|
| 245 | 1 | 3 |
_aEl desarrollo financiera en América Latina y el Caribe : _bel camino por delante / _cAugusto de la Torre, Alain Ize, Sergio L. Schmukler |
| 260 |
_aWashington : _bBanco Mundial, _c2012. |
||
| 300 |
_a278 páginas : _bilustraciones y gráficas a color ; _c28 cm. |
||
| 501 | _aIncluye referencias bibliográficas páginas 265-278. | ||
| 505 | _aLa visión general. -- El desarrollo financiero: el lado brillante, los patrones, las trayectorias y el lado escuro. -- El desarrollo financiero interno. -- La globalización financiera. -- La inclusión financiera. -- La brecha bancaria. -- La brecha de renta variable. -- El largo plazo. -- El riego asumido por el estado. -- La supervisión prudencial. -- Las políticas macroprudenciales a lo largo del ciclo en ALC. -- La regulación microsistémica. -- La supervisión sistémica. -- Resumen de las direcciones de las políticas para el futuro. | ||
| 650 | 1 | 4 |
_aÁrea del Caribe _927037 |
| 650 | 2 | 4 |
_aDesarrollo económico _938662 |
| 650 | 2 | 4 |
_aFinanzas _938663 |
| 700 | 1 |
_aIze, Alain, _eautor _938664 |
|
| 700 | 1 |
_aSchmukler, Sergio L., _eautor _938555 |
|
| 942 |
_2ddc _cBK |
||
| 999 |
_c12009 _d12009 |
||